000
00349nam a2200157Ia 4500
003
OSt
005
20240222130009.0
008
170524s9999 xx 000 0 und d
020
_a
978-0070151529
040
_c
IIMT UNIVERSITY MEERUT
100
_a
Singh RP
245
0
_a
Communication Systems
260
_b
TMH
260
_c
2007
942
_2
ddc
_c
02
999
_c
5150
_d
5150